007540000a220009700045001000022000002450071000223000040000935200451001336500014005847730058005981 aAlanati, Leonardo10aEl Shabat - Múltiples interpretaciones de una misma revelación aNum. 40 (2001), Páginas 109 - 112 aEl Shabat fue conservado en la Biblia Hebrea en dos versiones, una en el libro del Éxodo y otra en el Deuteronomio. Existe una diferencia al comienzo de cada narrativa. La primera usa el verbo recordar y la segunda, el verbo guardar. Esa diferencia es fruto del modo ecuménico de pensar del pueblo judío. Un texto está siempre abierto. Él permite varias interpretaciones, varios modos de vivir religiosamente. Es el desafío del Shabat14aEL SHABAT0 tRevista de Interpretación Bíblica Latinoamericana